| 000 | 00369nam a2200157Ia 4500 | ||
|---|---|---|---|
| 008 | 230524s9999 xx 000 0 und d | ||
| 082 | _bRAN | ||
| 100 |
_aBhanu Ranjan _942024 |
||
| 245 | 3 | _aAn Approach to Communication Skills | |
| 250 | _a1 | ||
| 260 |
_aBBSR _bDhanpat Rai |
||
| 300 | _a359p; | ||
| 500 | _aQuantity Number: 1 | ||
| 650 | _aEnglish | ||
| 942 | _cBK | ||
| 999 |
_c56439 _d56439 |
||